000
00287nam a22001217a 4500
008
181031b xxu||||| |||| 00| 0 eng d
041
_a
eng
080
_a
030
100
_a
23
101
_a
ENC
245
_a
Princeton Encyclopedia of Poetry and Poetics
_c
Preminger,A
942
_2
udc
_c
BK
999
_c
51275
_d
51275